| 000 | 00746nam a2200217 i 4500 | ||
|---|---|---|---|
| 001 | 94602 | ||
| 003 | ES-MaACL | ||
| 005 | 20250929063140.0 | ||
| 007 | t| | ||
| 008 | 050510s1946 sp ||||1| spa d | ||
| 100 | 1 |
_aL'Ermite, Pierre, _d1863-1959 _969114 |
|
| 245 | 1 | 3 |
_aLa gran amiga _b: novela / _cescrita en frances por Pierre L'Ermite [seud.] ; traducción de Vicente Ortí y Escolano. |
| 260 |
_aMadrid : _bBolaños y Aguilar, _c1946. |
||
| 300 |
_a274 p. ; _c19 cm. |
||
| 490 | 1 | _aLecturas recreativas | |
| 500 | _aPierre L'Ermite es seudónimo de Edmond Loutil. | ||
| 700 | 1 |
_aOrtí y Escolano, Vicente. _987533 |
|
| 830 | 0 |
_aLecturas recreativas _9184328 |
|
| 852 |
_aES-MaACL _jE-2241 _bR.22892 |
||
| 999 |
_c94602 _d94602 |
||